书目信息 |
| 题名: |
点击率最高的咖啡馆饮品
|
|
| 作者: | 杨海铨 著 | |
| 分册: | ||
| 出版信息: | 北京 中国纺织出版社 2011 |
|
| 页数: | 96页 | |
| 开本: | 26cm | |
| 丛书名: | ||
| 单 册: | ||
| 中图分类: | TS273.4 | |
| 科图分类: | ||
| 主题词: | 咖啡--饮料--制作 | |
| 电子资源: | ||
| ISBN: | 978-7-5064-7741-3 | |
| 000 | 00915nam0 2200265 450 | |
| 001 | 338828 | |
| 005 | 20150604092634.48 | |
| 010 | @a978-7-5064-7741-3@dCNY28.80 | |
| 100 | @a20111031d2011 em y0chiy50 ea | |
| 101 | 0 | @achi |
| 102 | @aCN@b110000 | |
| 105 | @aa z 000yy | |
| 106 | @ar | |
| 200 | 1 | @a点击率最高的咖啡馆饮品@Adian ji lü zui gao de ka fei guan yin pin@f杨海铨著 |
| 210 | @a北京@c中国纺织出版社@d2011 | |
| 215 | @a96页@c彩照@d26cm | |
| 300 | @a尚锦文化 | |
| 305 | @a台湾邦联文化事业有限公司授权 | |
| 312 | @a原书名:赚钱咖啡馆 | |
| 330 | @a本书分为四篇, 分别介绍了不可不知的咖啡专业知识、魅力手工咖啡、风味意式咖啡、茶冰沙轻食等, 为读者全方位展示了咖啡的魅力, 指导读者认识咖啡、正确调制咖啡, 做出美味可口的咖啡及其饮品。 | |
| 606 | 0 | @a咖啡@x饮料@x制作 |
| 690 | @aTS273.4@v5 | |
| 701 | 0 | @a杨海铨@Ayang hai quan@4著 |
| 801 | 0 | @aCN@b卓展宏图@c20150525 |
| 905 | @dTS273.4@e170@f5 | |
| 点击率最高的咖啡馆饮品/杨海铨著.-北京:中国纺织出版社,2011 |
| 96页:彩照;26cm |
| 尚锦文化 |
| ISBN 978-7-5064-7741-3:CNY28.80 |
| 本书分为四篇, 分别介绍了不可不知的咖啡专业知识、魅力手工咖啡、风味意式咖啡、茶冰沙轻食等, 为读者全方位展示了咖啡的魅力, 指导读者认识咖啡、正确调制咖啡, 做出美味可口的咖啡及其饮品。 |
| ● |
| 相关链接 |
|
|
|
|
正题名:点击率最高的咖啡馆饮品
索取号:TS273.4/170
 
预约/预借
| 序号 | 登录号 | 条形码 | 馆藏地/架位号 | 状态 | 备注 |
| 1 | 860738 | 208607382 | 第二样本阅览室/ [索取号:TS273.4/170] | 在馆 | |
| 2 | 860739 | 208607391 | 第三借阅区/ [索取号:TS273.4/170] | 在馆 | |
| 3 | 860740 | 208607408 | 密集书库-资源管理系/ [索取号:TS273.4/170] | 在馆 | |
| 4 | 860741 | 208607417 | 第三借阅区/ [索取号:TS273.4/170] | 在馆 | |
| 5 | 860742 | 208607426 | 第三借阅区/ [索取号:TS273.4/170] | 在馆 |